Γη, ένας μικρός και εύθραυστος πλανήτης
Αποθηκεύτηκε σε:
| Κύριος συγγραφέας: | |
|---|---|
| Μορφή: | Βιβλίο |
| Γλώσσα: | Greek |
| Δημοσίευση: |
Αθήνα :
Gutenberg,
c1996.
|
| Σειρά: | Εκπαίδευση και περιβάλλον
|
| Θέματα: | |
| Ετικέτες: |
Προσθήκη ετικέτας
Δεν υπάρχουν, Καταχωρήστε ετικέτα πρώτοι!
|
MARC
| LEADER | 00000cam a2200000 i 4500 | ||
|---|---|---|---|
| 001 | 1/12472 | ||
| 008 | 990115s1996 gr | ||| |||| ||gre|| | ||
| 020 | |a 960010641X | ||
| 035 | |l 10064222 | ||
| 040 | |a GR-MY-UA |b gre |e aacr | ||
| 041 | 0 | |a gre | |
| 082 | 7 | |a 363.7 |2 (22) | |
| 100 | 1 | |a Γεωργόπουλος, Αλέξανδρος, |d 1952- | |
| 245 | 1 | 0 | |a Γη, ένας μικρός και εύθραυστος πλανήτης / |c Αλέξανδρος Γεωργόπουλος. |
| 260 | |a Αθήνα : |b Gutenberg, |c c1996. | ||
| 300 | |a 597 σ. : |b πίν. ; |c 21 εκ. | ||
| 490 | 1 | |a (Εκπαίδευση και περιβάλλον) | |
| 500 | |a Πρώτη έκδοση 1996. Ανατυπώσεις 1998, 2000, 2004, 2005, 2006. | ||
| 500 | |a Το παράρτημα Σύρου διαθέτει την ανατύπωση του 2006. | ||
| 504 | |a Βιβλιογραφία: σ. 542-557. Ευρετήριο. | ||
| 650 | 0 | |a Environmental protection. | |
| 650 | 0 | |a Environmental policy. | |
| 650 | 0 | |a Environmental ethics. | |
| 830 | 0 | |a Εκπαίδευση και περιβάλλον | |
| 852 | |a INST |b CHIOS |e 20000927 |h 363.7 ΓΕΩ |p 005200018691 |q 005200018691 |t BK |y 0 | ||
| 852 | |a INST |b LESVOS |e 20020117 |h 363.7 ΓΕΩ |p 005100028512 |q 005100028512 |t BK |y 0 | ||
| 852 | |a INST |b LESVOS |e 20110725 |h 363.7 ΓΕΩ |p 005100050139 |q 005100050139 |t BK |y 0 | ||
| 852 | |a INST |b LESVOS |e 20110725 |h 363.7 ΓΕΩ |p 005100050140 |q 005100050140 |t BK |y 0 | ||
| 852 | |a INST |b LESVOS |e 20141006 |h 363.7 ΓΕΩ |p 005100055829 |q 005100055829 |t BK |y 0 | ||
| 852 | |a INST |b RHODES |e 19990115 |h 363.7 ΓΕΩ |p 005400005748 |q 005400005748 |t BK |y 0 | ||
| 852 | |a INST |b RHODES |e 20000907 |h 363.7 ΓΕΩ |p 005400013629 |q 005400013629 |t BK |y 4 |x 20220128 | ||
| 852 | |a INST |b RHODES |e 20030604 |h 363.7 ΓΕΩ |p 005400020549 |q 005400020549 |t BK |y 0 | ||
| 852 | |a INST |b RHODES |c EUDOXUS |e 20140410 |h 363.7 ΓΕΩ |p 005400036376 |q 005400036376 |t EDX |y 0 | ||
| 852 | |a INST |b SYROS |e 20220121 |h 363.7 ΓΕΩ |p 005500015125 |q 005500015125 |t BK |y 0 | ||
| 901 | |a BIBL2-2000-1 | ||
| 901 | |a BIBL4-1999-1 | ||
| 901 | |a BIBL4-2000-2 | ||
| 901 | |a BIBL1-2002-1 | ||
| 901 | |a BIBL1-2011-2 | ||
| 901 | |a BIBL4-2014-1 | ||
| 920 | |a Εύδοξος |b Επιστροφή |y Ρόδος |z 2014-04 | ||
| 922 | |a 2ΕΛΗ |b 200002 |d ΤΝΕΥ | ||
| 922 | |a 4ΕΛΗ |b 199811 |c ΚΠΣ/ΔΕ |d EMVASIS | ||
| 922 | |a 4ΕΛΗ |b 200004 |c ΔΩΡΕΑ | ||
| 970 | |z 2000/08/ΔΕΜΕΝΑΓΑΣ | ||
| 970 | |z 2000/08/ΧΡΥΣΑΝΘΗ | ||
| 970 | |z 2000/08/ΔΕΜΕΝΑΓΑΣ ΠΕΤΡΟΣ | ||
| 970 | |a ΜΟΥΣΤΑΚΑ |b ΠΗΝΕΛΟΠΗ |z 2002/01/17 | ||